01013nam a22002297a 4500999001700000003000900017008004100026040007100067082002500138100003200163245003400195260003100229300005300260505020000313650002000513650002300533650004900556700004800605942001600653945000900669952010500678 c10573d10573AR-CdUCM190401b ||||| |||| 00| 0 spa d aMUNICIPALIDAD PROVINCIAL DEL CUSCOcBIBLIOTECA MUNICIPAL DEL CUSCO a574.07 /bP42 / 1941 aPequeño Sanchez, Laureano aCurso de Biología General / aHabana :bCultural,c1941. a251 páginas ;bilustraciones, figuras,c23 cm. aContenido: Generalidades -- Nociones de física biológica -- Nociones de Química biológica -- Seres orgánicos nociones de Citología -- Seres pluricelulares nociones de histología ... aBiología9881 aSeres vivos919244 aReproducción, Sexualidad y herencia927523 aSobrino Plasencia, Antonio (coautor)927524 2ddccLIBROS aachl 002ddc4070aSCAbSCAcCARTd2019-04-01g50.00o574.07 / P42 / 1941pSCA0000811r2019-04-01yLIBROS